| 000 | 00791nam a2200217Ii 4500 | ||
|---|---|---|---|
| 003 | JO-AjNU | ||
| 008 | 230605s9999||||xx |||||||||||||| ||und|| | ||
| 040 |
_aJO-AjNU _bara _erda _cJO-AjNU |
||
| 041 | _aara | ||
| 050 | 1 | 4 | _aPJ7580.I4498 1993 |
| 100 | 3 |
_aكرم،إميلي يعقوب, _eauthor _934731 |
|
| 245 | 0 | 0 | _aأحلى طرائف ونوادر الفقهاء والقضاة والمؤذنين والوعاظ |
| 250 | _aط1 | ||
| 264 | 3 | 1 | _aبيروت:جروس برس،1993 |
| 300 | _a144ص | ||
| 336 |
_atext _btxt _2rdacontent |
||
| 337 |
_aunmediated _bn _2rdamedia |
||
| 338 |
_avolume _bnc _2rdacarrier |
||
| 490 | 0 | _a سلسلة أحلى الطرائف والنوادر | |
| 650 | 4 |
_aالأهاجي والفكاهات العربية - النوادر العربية _934732 |
|
| 999 |
_aA14270 _c17838 _d17838 |
||